| 000 | 00465nam a2200193Ia 4500 | ||
|---|---|---|---|
| 005 | 20240823061915.0 | ||
| 008 | 240823s9999||||xx |||||||||||||| ||und|| | ||
| 020 | _a81-7656-258-7 | ||
| 041 | _aENGLISH | ||
| 082 | _A005.133 P9 | ||
| 100 | _a"Kanetkar,Yashavant" | ||
| 245 | 0 | _aUnderstanding Pointers in C | |
| 250 | _a4th | ||
| 260 |
_c2009 _bBPB PUBLICA |
||
| 500 | _aYES | ||
| 650 |
_aC Pointers _bInformation Technology |
||
| 942 | _cBK | ||
| 999 |
_c234645 _d234645 |
||